000 00658nam a2200217Ia 4500
003 BUBTL
008 151213s9999 xx 000 0 und d
020 _a8178085992
082 _a657/ N664c/ 2000
100 _a Nobes, Christopher
_94446
245 _aComparative International Accounting :
_cChristofer Noobes & Robert Parker
250 _a6th
260 _bDelhi
_aPearson Education Aria.
_cc2000
300 _a[xvii], 534p . :
_bill. ; 24cm.
500 _aIncludes Index
650 _aAccounting
_93463
700 _aChristofer Noobes & Robert Parker
_93462
856 _k0
_l0
_yDownload
942 _2ddc
_cBK
999 _c1145
_d1145